Islamic reform : (Record no. 33034)
[ view plain ]
| 000 -LEADER | |
|---|---|
| fixed length control field | 01306cam a2200337 4500 |
| 001 - CONTROL NUMBER | |
| control field | 33034 |
| 003 - CONTROL NUMBER IDENTIFIER | |
| rucl marc code | BD-RjUL |
| 005 - DATE AND TIME OF LATEST TRANSACTION | |
| control field | 20211209051933.0 |
| 008 - FIXED-LENGTH DATA ELEMENTS--GENERAL INFORMATION | |
| fixed length control field | 140429t1966 cau b 001 0 eng d |
| 035 ## - SYSTEM CONTROL NUMBER | |
| System control number | (DLC) 65024177 |
| System control number | (OCoLC)727385 |
| System control number | 8461615 |
| 040 ## - CATALOGING SOURCE | |
| Original cataloging agency | DLC |
| Transcribing agency | OTU |
| Modifying agency | OCoLC |
| -- | OTU |
| -- | OWoC |
| -- | DLC |
| -- | BD-RjUL |
| Language of cataloging | eng |
| 041 ## - LANGUAGE CODE | |
| Language code of text/sound track or separate title | eng |
| 082 04 - DEWEY DECIMAL CLASSIFICATION NUMBER | |
| Classification number | 340 |
| Author mark and year | KEI 1966 |
| 100 1# - MAIN ENTRY--PERSONAL NAME | |
| Personal name | Kerr, Malcolm H. |
| 9 (RLIN) | 8778 |
| 245 10 - TITLE STATEMENT | |
| Title | Islamic reform : |
| Remainder of title | the political and legal theories of Muḥammad ʿAbduh and Rashīd Riḍā / |
| Statement of responsibility, etc. | by Malcolm H. Kerr. |
| 260 ## - PUBLICATION, DISTRIBUTION, ETC. (IMPRINT) | |
| Place of publication, distribution, etc. | Berkeley ; |
| Name of publisher, distributor, etc. | University of California Press ; |
| Place of publication, distribution, etc. | London : |
| Name of publisher, distributor, etc. | Cambridge University Press, |
| Date of publication, distribution, etc. | c1966. |
| 300 ## - PHYSICAL DESCRIPTION | |
| Pagination | vii, 249 p. ; |
| Size | 23 cm. |
| 500 ## - GENERAL NOTE | |
| General note | "Published under the auspices of the Near Eastern Center, University of California, Los Angeles." |
| General note | Based on thesis (Ph.D.), Johns Hopkins University, 1958. |
| 504 ## - BIBLIOGRAPHY, ETC. NOTE | |
| Bibliography, etc | Includes bibliographical references and index. |
| 600 00 - SUBJECT ADDED ENTRY--PERSONAL NAME | |
| Personal name | Muḥammad ʿAbduh, |
| Dates associated with a name | 1849-1905. |
| Personal name | Muḥammad Rashīd Riḍā. |
| 650 #0 - SUBJECT ADDED ENTRY--TOPICAL TERM | |
| Topical term or geographic name as entry element | Islamic law. |
| 9 (RLIN) | 100384 |
| 710 1# - ADDED ENTRY--CORPORATE NAME | |
| Corporate name or jurisdiction name as entry element | California. |
| Subordinate unit | University. |
| -- | University at Los Angeles. |
| -- | Near Eastern Center. |
| 9 (RLIN) | 100236 |
| 942 ## - ADDED ENTRY ELEMENTS (KOHA) | |
| Source of classification or shelving scheme | Dewey Decimal Classification |
| Koha item type | Books |
| Lost status | Source of classification or shelving scheme | Damaged status | Not for loan | Collection code | Permanent Location | Current Location | Shelving location | Date acquired | Source of acquisition | Cost, normal purchase price | Total Checkouts | Full call number | Date last seen | Copy number | Koha item type |
|---|---|---|---|---|---|---|---|---|---|---|---|---|---|---|---|
| Dewey Decimal Classification | Not For Loan | Non-fiction | Central Library, University of Rajshahi | Central Library, University of Rajshahi | Reading Room | 15/02/1967 | Ashraf | 74.75 | 340 KEI 1966 | 29/04/2014 | C-1 | Books |